00536nam a22001457a 4500003000400000082001700004100001900021245014000040260004500180300000700225650001900232942001200251952011000263999001700373SGT a617.69bC25A aAtreja, Preeti aA comparative evaluation of primary and secondary stability in immediate and early placed implants with early loadingbAn in-vivo study aGurugram, HaryanabSGT University c2025 a87 aProsthodontics 2ddccTH 00102ddc405171aFDbFDd2025-06-25iSGTUl0o617.69 C25ApDT2283r2025-06-25 00:00:00w2025-06-25yTH c31576d31576